| 000 | 01208nam a2200325 i 4500 | ||
|---|---|---|---|
| 001 | 193379 | ||
| 003 | ES-MaRBCM | ||
| 005 | 20231115063052.0 | ||
| 007 | ta | ||
| 008 | 231113s2014 sp a e 00| 0|spa d | ||
| 020 | _a9788415826439 | ||
| 035 | _aCCBIP05041133 | ||
| 040 |
_aM-BPM _bspa _cM-BPM _dES-MaACL |
||
| 080 | _a946.0"1939/2014" | ||
| 080 | _a32(460)"1939/2014" | ||
| 100 | 1 |
_aCantón Rodríguez, José _9146321 _eaut |
|
| 245 | 1 | 3 |
_aLa dictadura y la monarquía neofranquista : _b(memoria de España para tiempos de cambio social) / _cJosé Cantón R. |
| 260 |
_aMadrid : _bCultiva Libros, _c[2014] |
||
| 300 |
_a469 p. : _bil. ; _c24 cm. |
||
| 336 |
_aTexto (visual) _2isbdcontent] |
||
| 337 |
_asin mediación _2isbdmedia] |
||
| 338 |
_2rdacarrier _avolumen |
||
| 651 | 4 |
_aEspaña- _xHistoria- _2embne _98329 _y1939-1955 |
|
| 651 | 7 |
_aEspaña- _xPolítica y gobierno- _9172445 _y1939-1955 |
|
| 852 |
_aES-MaACL _9200825 _bR.150232 _dOlim: N-6249 _jA-13249 _cDEPO1 _hDonación: José Cantón Rodriguez |
||
| 903 |
_9146321 _aCantón Rodríguez, José _ednr |
||
| 942 |
_n0 _cMONOGRAFIA |
||
| 999 |
_c193379 _d193379 |
||